| 000 | 00385cam a2200145ua 4500 | ||
|---|---|---|---|
| 020 | _a0471851531 | ||
| 082 |
_a001.64 _bSTE/IN |
||
| 100 |
_aStern, Robert A . _91560 |
||
| 245 | _aIntroduction to Computers and Information Processing / | ||
| 250 | _a2 / | ||
| 260 |
_aNew York : _bJohn Wiley & Sons , _c1985. |
||
| 300 | _a867 ; . | ||
| 700 | 1 |
_aStern , Nanof . _91561 |
|
| 942 | _cREF | ||
| 999 |
_c2982 _d2982 |
||